Sports Quiz

Random Sports or Cricket Quiz
Score 0/30 Timer 08:00
2 Plays Today
Year Answer % Correct
2015 (Australia)Steve Smith
95.6%
2008 (South Africa)Graeme Smith
95%
2010 (India)Sachin Tendulkar
94.9%
2005 (Australia)Ricky Ponting
94.9%
2003 (Australia)Ricky Ponting
94.9%
2002 (India)Sachin Tendulkar
94.9%
2006 (Australia)Ricky Ponting
94.9%
1976 (West Indies)Viv Richards
94.2%
2015 (England)Alastair Cook
89%
2001 (Australia)Matthew Hayden
88.9%
2005 (Australia)Matthew Hayden
88.9%
2012 (Australia)Michael Clarke
88.3%
2016 (England)Joe Root
86%
2015 (England)Joe Root
86%
2002 (India)Rahul Dravid
85.8%
Year Answer % Correct
2014 (Sri Lanka)Kumar Sangakkara
84.8%
2003 (West Indies)Brian Lara
84.8%
1979 (India)Sunil Gavaskar
84.4%
2004 (Australia)Justin Langer
80.8%
2008 (India)Virender Sehwag
76.9%
2010 (India)Virender Sehwag
76.9%
2006 (England)Kevin Pietersen
74.8%
2006 (Pakistan)Mohammad Yousuf
71.8%
2002 (England)Michael Vaughan
70.1%
2010 (England)Jonathan Trott
60.7%
2016 (England)Jonny Bairstow
57.2%
2004 (Australia)Damien Martyn
55.8%
1964 (Australia)Bob Simpson
28.3%
1979 (India)Gundappa Viswanath
26.4%
1974 (England)Dennis Amiss
20.9%
Remove Ads.
Support Sporcle.
Get the best of Sporcle when you Go Orange. This ad-free experience offers more features, more stats, and more fun while also helping to support Sporcle. Thank you for becoming a member.

You're not logged in!

Compare scores with friends on all Sporcle quizzes.
OR
Log In

Show Comments

Extras

Created Nov 22, 2020ReportNominate
Tags:Cricket Quiz, Test Cricket

Top Quizzes Today


Score Distribution

Your Account Isn't Verified!

In order to create a playlist on Sporcle, you need to verify the email address you used during registration. Go to your Sporcle Settings to finish the process.

Report this User

Report this user for behavior that violates our Community Guidelines.

Details: